Risk and Stochastics : Ragnar Norberg (Record no. 43480)

MARC details
000 -LEADER
fixed length control field 00975cam a22003258i 4500
001 - CONTROL NUMBER
control field 20737991
005 - DATE AND TIME OF LATEST TRANSACTION
control field 20250328164639.0
008 - FIXED-LENGTH DATA ELEMENTS--GENERAL INFORMATION
fixed length control field 181109s2019 nju b 011 0 eng
010 ## - LIBRARY OF CONGRESS CONTROL NUMBER
LC control number 2018051022
020 ## - INTERNATIONAL STANDARD BOOK NUMBER
International Standard Book Number 9781786341945 (hc : alk. paper)
042 ## - AUTHENTICATION CODE
Authentication code pcc
082 00 - DEWEY DECIMAL CLASSIFICATION NUMBER
Classification number 368.01 NOR
100 ## - MAIN ENTRY--PERSONAL NAME
Author Norberg, Ragnar
245 00 - TITLE STATEMENT
Title Risk and Stochastics : Ragnar Norberg
260 ## - PUBLICATION, DISTRIBUTION, ETC.
Place New Jersey
Publisher World Scientific
Publication Year 2019
300 ## - PHYSICAL DESCRIPTION
Extent 180;. pages: 24 cm
504 ## - BIBLIOGRAPHY, ETC. NOTE
Bibliography, etc. note Includes bibliographical references and index.
650 #0 - SUBJECT ADDED ENTRY--TOPICAL TERM
Subject Insurance
650 #0 - SUBJECT ADDED ENTRY--TOPICAL TERM
Subject Finance
700 1# - ADDED ENTRY--PERSONAL NAME
Co-Author Norberg, Ragnar,
700 1# - ADDED ENTRY--PERSONAL NAME
Co-Author Barrieu, Pauline,
942 ## - ADDED ENTRY ELEMENTS (KOHA)
Koha item type Books
263 ## - PROJECTED PUBLICATION DATE
Projected publication date 1902
264 #1 - PRODUCTION, PUBLICATION, DISTRIBUTION, MANUFACTURE, AND COPYRIGHT NOTICE
Place of production, publication, distribution, manufacture New Jersey :
Name of producer, publisher, distributor, manufacturer World Scientific,
Date of production, publication, distribution, manufacture, or copyright notice [2019]
336 ## - CONTENT TYPE
Content type term text
Content type code txt
Source rdacontent
337 ## - MEDIA TYPE
Media type term unmediated
Media type code n
Source rdamedia
338 ## - CARRIER TYPE
Carrier type term volume
Carrier type code nc
Source rdacarrier
906 ## - LOCAL DATA ELEMENT F, LDF (RLIN)
a 7
b cbc
c orignew
d 1
e ecip
f 20
g y-gencatlg
Holdings
Withdrawn status Lost status Source of classification or shelving scheme Damaged status Not for loan Home library Current library Shelving location Accession Date Vendor Price Bill number Total Checkouts Full call number Barcode No Date last seen Discount Bill Date Koha item type Suggested By
    Dewey Decimal Classification     IMTN IMTN Rack 16-B 03/24/2025 Raghav Books Private Limited 10091.25 2374   368.01 NOR 33766 03/28/2025 33 02/14/2025 Books Dr. Veena Pailwar
Designed & Maintained by: LRC IMT Nagpur Contact: lrc@imtnag.ac.in© 2024. All Rights Reserved.